Сокращенныя записки флота капитан-лейтенанта (ныне капитана перваго ранга) Головнина, о плавании его на шлюпе Диане, для описи Курильских островов, в 1811 году. (Запись № 6084214)

Подробности
000 -МАРКЕР
контрольное поле 05490nam0a22006491 4500
001 - ИДЕНТИФИКАТОР ЗАПИСИ
контрольное поле v19\rc\2110924
005 - ИДЕНТИФИКАТОР ВЕРСИИ
контрольное поле 20260503064359.0
035 ## - ДРУГИЕ СИСТЕМНЫЕ НОМЕРА
Идентификатор записи (NLR Aleph) 005279597
100 ## - ДАННЫЕ ОБЩЕЙ ОБРАБОТКИ
Данные общей обработки 20090914d1819 |||y0rusy50 ca
101 0# - ЯЗЫК РЕСУРСА
Язык текста, звукозаписи и т.д. русский
102 ## - СТРАНА ПУБЛИКАЦИИ ИЛИ ПРОИЗВОДСТВА
Страна публикации Российская Федерация
135 ## - ПОЛЕ КОДИРОВАННЫХ ДАННЫХ: ЭЛЕКТРОННЫЕ РЕСУРСЫ
Кодированные данные для электронного ресурса crcn 024anaba
140 ## - ПОЛЕ КОДИРОВАННЫХ ДАННЫХ: СТАРОПЕЧАТНЫЕ ИЗДАНИЯ - ОБЩАЯ ИНФОРМАЦИЯ
Кодированные данные о старопечатном издании - Основные y jlk ga lgyaa0000
200 1# - ЗАГЛАВИЕ И СВЕДЕНИЯ ОБ ОТВЕТСТВЕННОСТИ
Основное заглавие Сокращенныя записки флота капитан-лейтенанта (ныне капитана перваго ранга) Головнина, о плавании его на шлюпе Диане, для описи Курильских островов, в 1811 году.
Первые сведения об ответственности Изданныя Государственным Адмиралтейским департаментом
210 ## - ПУБЛИКАЦИЯ, РАСПРОСТРАНЕНИЕ И ДР.
Место издания, распространения и т.д. В Санктпетербурге
Имя издателя, распространителя и т. д. в Морской типографии
Дата издания, распространения и т.д. 1819
215 ## - ФИЗИЧЕСКАЯ ХАРАКТЕРИСТИКА
Специфическое обозначение материала и объем [6], 146, [2] с., [3] л. карт.
Размеры 4° (25 см)
300 ## - ОБЩИЕ ПРИМЕЧАНИЯ
Текст примечания Подстроч. примеч. авт. На с.[3, 5] "Примечания" авт., содержащие пояснения некоторых местных морских терминов и особенностей составления "Карты Сахалинскаго моря".
300 ## - ОБЩИЕ ПРИМЕЧАНИЯ
Текст примечания На отд. л. карты - офорт с резцом. Карты: "Карта Сахалинскаго моря с описью южных Курильских островов, сделанной на шлюпе Диане в 1811м году под командою капитана Головнина; а потом в 1812 и 1813 годах на том же шлюпе под командою капитана Рикорда", "План Бротонова гавани на северной стороне Курильскаго острова Симусира, которую жители сих островов называют Го, означающее на их языке озеро. Описал российскаго императорскаго шлюпа Дианы штурман 9го класса Хлебников в 1811м году" (Сост. А.И. Хлебников) и "План гавани на 0-ой стороне Урупа, осмотренной мичманом Муром и штурманским помошником Средним в 1811 году в июне месяце" (сост. Ф.Ф. Мур и В. Средний)
316 ## - ПРИМЕЧАНИЯ ОБ ОСОБЕННОСТЯХ ЭКЗЕМПЛЯРА
Текст примечания Экз. РНБ (18.7.2.13). Размер: 24,8х20,5х1,5 см.
Организация и экземпляр, к которому относится поле NLR: 18.7.2.13
321 1# - ПРИМЕЧАНИЯ ОБ ОТДЕЛЬНО ИЗДАННЫХ УКАЗАТЕЛЯХ / РЕФЕРАТАХ / ССЫЛКАХ, ОТРАЖАЮЩИХ КАТАЛОГИЗИРУЕМЫЙ ДОКУМЕНТ
Примечания об указателях, рефератах, ссылках СК 1801-1825 1858
325 ## - ПРИМЕЧАНИЕ О КОПИИ
Текст примечания Копия доступна в Электрон. б-ке РНБ
327 0# - ПРИМЕЧАНИЯ О СОДЕРЖАНИИ
Текст примечания Замечания флота капитана Рикорда (С.124-146)
464 #0 - АНАЛИТИЧЕСКИЙ УРОВЕНЬ
Встроенное поле 2001#$aЗамечания флота капитана Рикорда
-- 215##$aС.124-146
Заглавие Замечания флота капитана Рикорда
517 1# - ДРУГИЕ ВАРИАНТЫ ЗАГЛАВИЯ
Вариант заглавия Карта Сахалинскаго моря с описью южных Курильских островов
517 1# - ДРУГИЕ ВАРИАНТЫ ЗАГЛАВИЯ
Вариант заглавия План Бротонова гавани на северной стороне Курильскаго острова Симусира
517 1# - ДРУГИЕ ВАРИАНТЫ ЗАГЛАВИЯ
Вариант заглавия План гавани на 0-ой стороне Урупа
518 1# - ЗАГЛАВИЕ В СТАНДАРТНОМ СОВРЕМЕННОМ ПРАВОПИСАНИИ
Основное заглавие, вариант заглавия или унифицированное заглавие Карта Сахалинского моря с описью южных Курильских островов
518 1# - ЗАГЛАВИЕ В СТАНДАРТНОМ СОВРЕМЕННОМ ПРАВОПИСАНИИ
Основное заглавие, вариант заглавия или унифицированное заглавие План Бротонова гавани на северной стороне Курильского острова Симусира
518 1# - ЗАГЛАВИЕ В СТАНДАРТНОМ СОВРЕМЕННОМ ПРАВОПИСАНИИ
Основное заглавие, вариант заглавия или унифицированное заглавие Сокращенные записки флота капитан-лейтенанта (ныне капитана первого ранга) Головнина, о плавании его на шлюпе Диане, для описи Курильских островов в 1811 году
620 ## - МЕСТО И ДАТА ПУБЛИКАЦИИ, ИСПОЛНЕНИЯ И Т. Д.
Город Санкт-Петербург
700 #1 - ИМЯ ЛИЦА - ПЕРВИЧНАЯ ОТВЕТСТВЕННОСТЬ
Графика поля Кириллица
Материалы, к которым относится поле rus
Начальный элемент ввода Головнин
Часть имени, кроме начального элемента ввода В. М.
Даты 1776-1831
Расширение инициалов личного имени Василий Михайлович
Системный номер авторитетной/нормативной записи 77159
Идентификатор авторитетной/нормативной записи RU\NLR\AUTH\7794233
702 #1 - ИМЯ ЛИЦА - ВТОРИЧНАЯ ОТВЕТСТВЕННОСТЬ
Код отношения Автор сопроводительного материала
-- Картограф
Графика поля Кириллица
Материалы, к которым относится поле rus
Начальный элемент ввода Рикорд
Часть имени, кроме начального элемента ввода П. И.
Даты 1776-1855
Расширение инициалов личного имени Петр Иванович
Системный номер авторитетной/нормативной записи 77163
Идентификатор авторитетной/нормативной записи RU\NLR\AUTH\7794237
702 #1 - ИМЯ ЛИЦА - ВТОРИЧНАЯ ОТВЕТСТВЕННОСТЬ
Начальный элемент ввода Хлебников
Часть имени, кроме начального элемента ввода А. И.
Даты 1778-1868
Расширение инициалов личного имени Андрей Ильич
Код отношения Картограф
702 #1 - ИМЯ ЛИЦА - ВТОРИЧНАЯ ОТВЕТСТВЕННОСТЬ
Начальный элемент ввода Мур
Часть имени, кроме начального элемента ввода Ф. Ф.
Дополнения к именам, кроме дат мичман
Расширение инициалов личного имени Федор Федорович
Код отношения Картограф
702 #1 - ИМЯ ЛИЦА - ВТОРИЧНАЯ ОТВЕТСТВЕННОСТЬ
Начальный элемент ввода Средний
Часть имени, кроме начального элемента ввода В.
Код отношения Картограф
712 01 - НАИМЕНОВАНИЕ ОРГАНИЗАЦИИ - ВТОРИЧНАЯ ОТВЕТСТВЕННОСТЬ
Код отношения Печатник (типограф)
Начальный элемент ввода Россия
Структурное подразделение Морское министерство
-- Типография
Системный номер авторитетной/нормативной записи 383522
Идентификатор авторитетной/нормативной записи RU\NLR\AUTH\889944172
712 01 - НАИМЕНОВАНИЕ ОРГАНИЗАЦИИ - ВТОРИЧНАЯ ОТВЕТСТВЕННОСТЬ
Код отношения Издатель
Начальный элемент ввода Россия
Структурное подразделение Морское министерство
-- Артиллерийский департамент
Системный номер авторитетной/нормативной записи 383320
Идентификатор авторитетной/нормативной записи RU\NLR\AUTH\889944068
801 #0 - ИСТОЧНИК ЗАПИСИ
Страна Российская Федерация
Организация NLR
Правила каталогизации psbo
801 #1 - ИСТОЧНИК ЗАПИСИ
Страна Российская Федерация
Организация ProSoft-M
Источник данных rusmarc
801 #2 - ИСТОЧНИК ЗАПИСИ
Страна Российская Федерация
Организация NLR
Дата составления 20111010
Источник данных rusmarc
852 ## - МЕСТОНАХОЖДЕНИЕ И ШИФР ХРАНЕНИЯ
Идентификатор организации NLR
Шифр хранения (Call Number) 18.7.2.13
852 ## - МЕСТОНАХОЖДЕНИЕ И ШИФР ХРАНЕНИЯ
Идентификатор организации NLR
Шифр хранения (Call Number) 140/74
852 ## - МЕСТОНАХОЖДЕНИЕ И ШИФР ХРАНЕНИЯ
Идентификатор организации NLR
Шифр хранения (Call Number) 37.14.2.24(3)
852 ## - МЕСТОНАХОЖДЕНИЕ И ШИФР ХРАНЕНИЯ
Идентификатор организации NLR
Наименование фонда или коллекции (Sub-Location Identifier) РЗФ
Шифр хранения (Call Number) 18 в. 7/447
852 ## - МЕСТОНАХОЖДЕНИЕ И ШИФР ХРАНЕНИЯ
Идентификатор организации NLR
Наименование фонда или коллекции (Sub-Location Identifier) РЗФ
Шифр хранения (Call Number) 18 в. 5/44 (ал.2)
942 ## - ДОПОЛНИТЕЛЬНЫЕ ЭЛЕМЕНТЫ ЗАПИСИ (АБИС)
Тип экземпляра АБИС Книга
980 ## - КОЛЛЕКЦИЯ
Название коллекции Национальная библиография
980 3# - КОЛЛЕКЦИЯ
Название коллекции КП2020 Первая четверть 19 в.
980 3# - КОЛЛЕКЦИЯ
Название коллекции КП2020 Книжные памятники 2020 г.
980 3# - КОЛЛЕКЦИЯ
Название коллекции Книжные памятники РНБ
981 22 - КОЛЛЕКЦИЯ ЭЛЕКТРОННОЙ БИБЛИОТЕКИ
Название коллекции Материалы по истории России
Название подколлекции 2.11.3. Путешествия и экспедиции
981 20 - КОЛЛЕКЦИЯ ЭЛЕКТРОННОЙ БИБЛИОТЕКИ
Название коллекции Книжные памятники РНБ
Название подколлекции Русский книжный фонд
Экземпляры
Тип экземпляра Дата поступления Библиотека постоянного хранения Библиотека текущего хранения Место хранения Шифр хранения Штрих-код Статус экземпляра
Книга 25.10.2024 РНБ (Московский) РНБ (Московский) Резервный фонд РЗФ 18 в. 7/447 5279597-40  
Книга 25.10.2024 РНБ (Московский) РНБ (Московский) Резервный фонд РЗФ 18 в. 5/44 (ал.2) 5279597-50  
Книга 26.10.2013 РНБ (Садовая) РНБ (Садовая) Русский книжный фонд -Главное здание, Ленинский читальный зал 18.7.2.13 1-4371337  
Книга 26.10.2013 РНБ (Садовая) РНБ (Садовая) Русский книжный фонд -Главное здание, Ленинский читальный зал 140/74 5279597-20  
Книга 26.10.2013 РНБ (Садовая) РНБ (Садовая) Русский книжный фонд -Главное здание, Ленинский читальный зал 37.14.2.24(3) 5279597-30